000 00805nam0a22002651 4500
001 rc\4490432
005 20250612100456.0
021 _aRU
_b[59-60757]
035 _a(NLR Aleph) 008608108
090 _a8746418
_c8746418
100 _a20130416d1959 |||y0rusy50 ca
101 0 _arus
102 _aRU
105 _aab z |||||
200 1 _aАстрономия в авиации
205 _a2-е изд., доп. и перераб.
210 _aМосква
_cВоениздат
_d1959
215 _a222 с., 7 л. карт.
_cил.
_d21
606 _aАвиационная астрономия
_2psbo
700 1 _aКондратьев
_bН.Я.
_gНиколай Яковлевич
801 0 _aRU
_bNLR
_gpsbo
801 1 _aRU
_bELAR
_2rusmarc
852 _aNLR
_j59-3/5907
942 _cBOOK
980 _aNB